000 00739nac a22002291u 4500
010 _a 85045634
020 _a006015571X :
082 0 0 _a306.8743
_bFIS
090 _c5655
_d5655
100 _aFischer, Lucy Rose.
245 1 0 _aLinked lives :
_badult daughters and their mothers /
_cLucy Rose Fischer.
250 _a1st ed.
260 _aNew York :
_bHarper & Row,c1986.
_cc1986.
300 _axvi, 238 p. :
_c22 cm.
500 _aIncludes index.
500 _aDistributer : Al-Ahram.
504 _aBibliography: p. 221-225.
511 _aCatalogued by : Mahitab.
650 0 _aAdult children
_zUnited States.
650 0 _aMothers and daughters
_zUnited States.
942 _cBB
_k306.8743FIS
999 _c5655
_d5655